000 00574nam a2200193Ia 4500
005 20250508164946.0
008 008 250505s9999 xx 000 0 eng d
037 _aDissertations
040 _aFEDL
_beng
_cFEDL
041 _aeng
_2eng
084 _a371.9, CHA/DI
_qFEDL
100 _aChaudhary Neha
245 0 _aUnderstanding the school personnel perspective of inclusion : An exploratory study
260 _c2010
300 _a232p.
546 _aM.Ed. Dissertation (Delhi University)
942 _cDIS
_h371.9, CHA/DI
999 _c1392281
_d1392281